000 00557nam a22001817a 4500
003 OSt
005 20181001064346.0
008 180227b xxu||||| |||| 00| 0 spa d
040 _cPJ
100 _920
_aOrdway, Tead
245 1 3 _aEl arte de la administración /
_cTead Ordway; prólogo de Lawrence A. Appley.
260 _aMadrid :
_bInstituto de Estudios Políticos,
_c1964.
300 _a380 p. ;
490 _aEstudios de Administración
_v34
650 0 _aDERECHO ADMINISTRATIVO
_9211
700 _91433
_aAppley, Lawrence A.
_eprologuista
942 _2udc
_cLIB
999 _c27
_d27